01688cam a22003255a 45000010009000000050017000090080041000260200018000670200025000850400102001100820024002121000028002362450100002642600059003643000036004235000024004595040041004835200407005246500057009316500040009886500032010286510010010606530020010706550024010907000026011147000022011409420024011629990017011869520159012031774121320150519123316.0130516s2014 caua b 001 0 eng d a9781446256060 a9781446256077 (pbk.) aUKMGBbengcUKMGBdCDXdSINIEdYDXCPdBTCTAdBDXdKSUdCHVBKdYPMdOCLCAdITDdNLEdDLCdEG-ScBUE04a001.420285bPAU2221 aPaulus, Trena M.93804010aDigital tools for qualitative research /cTrena M. Paulus, Jessica N. Lester, Paul G. Dempster. aLos Angeles ;aLondon :bSAGE Publications Ltd,c2014. a[vii], 208 p. :bill. ;c24 cm. aIndex : p. 201-208. aIncludes bibliographical references. aDigital Tools for Qualitative Research shows how the research process in its entirety can be supported by technology tools in ways that can save time and add robustness and depth to qualitative work. It addresses the use of a variety of tools (many of which may already be familiar to you) to support every phase of the research process, providing practical case studies taken from real world research. 0aQualitative researchxData processing.2BUEsh933739 0aQualitative Sozialforschung.2BUEsh 0aQualitative Methode.2BUEsh 2BUEsh bCOMAMEcMay2015 vreading book9342321 aLester, Jessica Nina.1 aDempster, Paul G. 2ddck001.420285 PAU c19366d19338 00102ddc40708AlahramaMAINbMAINcLOWd2015-05-18epurchaseg324.00h311l1m2o001.420285 PAUp000038242r2025-07-15 00:00:00s2015-05-21v405.00yBB